ARRUPE JESUIT UNIVERSITY

CORONAVIRUS -STOP THE SPREAD - CLEAN,DISINFECT,COVER

The vitality of worship : (Record no. 120019)

MARC details
000 -LEADER
fixed length control field 00904cam a2200277 a 4500
001 - CONTROL NUMBER
control field 4518685
003 - CONTROL NUMBER IDENTIFIER
control field ARRUPE
005 - DATE AND TIME OF LATEST TRANSACTION
control field 20140210104345.0
008 - FIXED-LENGTH DATA ELEMENTS--GENERAL INFORMATION
fixed length control field 980909s1998 miu b 000 0 eng
010 ## - LIBRARY OF CONGRESS CONTROL NUMBER
LC control number 98016156
020 ## - INTERNATIONAL STANDARD BOOK NUMBER
International Standard Book Number 0802842461 (pbk. : alk. paper)
035 ## - SYSTEM CONTROL NUMBER
System control number (OCoLC)38856157
035 ## - SYSTEM CONTROL NUMBER
System control number (OCoLC)ocm38856157
035 ## - SYSTEM CONTROL NUMBER
System control number (NNC)4518685
040 ## - CATALOGING SOURCE
Original cataloging agency DLC
Transcribing agency DLC
Modifying agency DLC
-- NNUT
050 ## - LIBRARY OF CONGRESS CALL NUMBER
Classification number BS1430.3
Item number .D35 1998
090 ## - LOCALLY ASSIGNED LC-TYPE CALL NUMBER (OCLC); LOCAL CALL NUMBER (OCLC)
Classification number (OCLC) (R) ; Classification number, CALL (RLIN) (NR) BS1430.3
Local cutter number (OCLC) ; Book number/undivided call number, CALL (RLIN) .D35 1998
300 ## - PHYSICAL DESCRIPTION
Dimensions 23 cm
100 1# - MAIN ENTRY--PERSONAL NAME
Personal name Davidson, Robert,
Dates associated with a name 1927-2012.
9 (RLIN) 8565
245 14 - TITLE STATEMENT
Title The vitality of worship :
Remainder of title a commentary on the book of Psalms /
Statement of responsibility, etc Robert Davidson
260 ## - PUBLICATION, DISTRIBUTION, ETC. (IMPRINT)
Place of publication, distribution, etc Grand Rapids, Mich. :
Name of publisher, distributor, etc W.B. Eerdmans ;
Place of publication, distribution, etc Edinburgh :
Name of publisher, distributor, etc Handsel Press,
Date of publication, distribution, etc c1998
300 ## - PHYSICAL DESCRIPTION
Extent ix, 484 p. ;
504 ## - BIBLIOGRAPHY, ETC. NOTE
Bibliography, etc Includes bibliographical references (p. 481-484)
630 00 - SUBJECT ADDED ENTRY--UNIFORM TITLE
Uniform title Bible. O.T.
Name of part/section of a work Psalms
Form subdivision Commentaries.
9 (RLIN) 8566
942 ## - ADDED ENTRY ELEMENTS (KOHA)
Source of classification or shelving scheme Library of Congress Classification
Koha item type Monograph ( Printed materials)
Holdings
Withdrawn status Lost status Source of classification or shelving scheme Damaged status Not for loan Collection code Home library Current library Shelving location Date acquired Total Checkouts Full call number Barcode Date last seen Price effective from Koha item type
    Library of Congress Classification     Main Collection ARRUPE LIBRARY ARRUPE LIBRARY Main Collection 10/02/2014   BS1430.3 .D35 1998 46412092 07/12/2016 10/02/2014 Monograph ( Printed materials)

 

Arrupe Library. PO Box MP320 Mt Pleasant, Harare, Zimbabwe
263 242 745411|librarian@aju.ac.zw